000
00278nam a2200121 a 4500
008
101021s1973|||| d
100
1
_a
Korolenko, G.V.
245
1
0
_a
Tulácke rapsódie
041
_a
slo
260
_b
Tatran
_c
1973
_a
Bratislava
044
_a
xo
_c
SK
020
_c
20
999
_c
11937
_d
11937